000 00438nam a2200205Ia 4500
001 13012
003 GE_BSU
008 181216s||||||||xx |||||||||||||| ||und||
020 _a9780099485414
040 _cGE_BSU
080 _a821.111-3
100 _aBinchy,Maeve.
245 _aFirefly summer.
260 _aLondon.
260 _bArrow Books.
260 _c1987
300 _a761p;18cm.
653 _aFirefly summer.
942 _cBK
999 _c46180
_d46180